| 000 | 01163 am a2200385 i 4500 | ||
|---|---|---|---|
| 999 |
_c1047 _d1047 |
||
| 001 | 9445396 | ||
| 003 | CaAEU | ||
| 005 | 20210623091147.0 | ||
| 008 | 000103t20012001onca 000 0 eng d | ||
| 015 | _aC00-930019-8 | ||
| 020 | _a017618709X | ||
| 020 | _a9780176187095 | ||
| 020 | _a0176187197 | ||
| 020 | _a9780176187194 | ||
| 035 | _aon1235701768 | ||
| 040 |
_aUWO _beng _erda _cUWO _dOCLCO _dOCLCQ _dOCLCF _dAEVC |
||
| 043 | _an-cn-on | ||
| 050 |
_aPE1121 _b.L57 2001 |
||
| 055 | 3 |
_aPE1121 _bL57 2000 |
|
| 082 | 0 | 4 |
_a428.6 _221 |
| 090 |
_a428.6 NEL _bAEVC |
||
| 245 | 0 | 0 |
_aNelson English literature & media 10 / _cNeil Andersen [and others] |
| 246 | 3 | 1 | _aNelson English literature and media ten |
| 246 | 3 | 0 | _aEnglish literature & media |
| 246 | 3 | 0 | _aLiterature & media |
| 264 | 1 |
_a[Scarborough, ON]: _bNelson Thomson Learning, _c[2001] |
|
| 264 | 4 | _c©2001 | |
| 300 |
_axii, 420 pages : _billustrations (some color) ; _c23 cm |
||
| 336 |
_atext _btxt _2rdacontent |
||
| 337 |
_aunmediated _bn _2rdamedia |
||
| 338 |
_avolume _bnc _2rdacarrier |
||
| 650 | 0 | _aReaders (Secondary) | |
| 700 | 1 |
_aAndersen, Neil, _d1949- _eauthor |
|
| 942 |
_2lcc _cBK _nSO |
||